00570nas a22001577a 4500999001500000008004100015022001400056245002200070260009500092300000900187546001400196590010400210590006500314650002100379942001200400 c1246d1246130312t20049999ag ||||| |||| 00| 0 spa d a0328-2104 aPsicodiagnosticar aBuenos Aires: bAsociacion Argentina de Estudio e Investigacion en Psicodiagnostico,c2004 av. : aespañol aIndizada en: PSICODOC (Base de Datos Bibliográfica del Colegio Oficial de Psicólogos de Madrid) aExistencias: 2004 14(1/122) BAJA DEPOSITO (CAJA21) MAYO 2019 aPSICOLOGIA91909 2ddccCR